Masquerade : the story of my life (Record no. 269220)

MARC details
000 -LEADER
fixed length control field 00288nam a2200097Ia 4500
082 ## - DEWEY DECIMAL CLASSIFICATION NUMBER
Classification number 591.57 BAM
008 - FIXED-LENGTH DATA ELEMENTS--GENERAL INFORMATION
fixed length control field 210817s9999 xx 000 0 und d
100 ## - MAIN ENTRY--PERSONAL NAME
Personal name JACOBS, Rayda Roggebaai [South Africa], 2008 1st ed
9 (RLIN) 78102
245 #0 - TITLE STATEMENT
Title Masquerade : the story of my life
942 ## - ADDED ENTRY ELEMENTS
item type Books
Holdings
Withdrawn status Lost status Damaged status Not for loan Home library Current library Date acquired Cost, normal purchase price Total Checkouts Barcode Date last seen Price effective from item type
        Matsulu Matsulu 19.08.2021 70.00   33228000114718 19.08.2021 19.08.2021 Books